Predposledný Svit deklasoval majstra! extraliga basketbalistov - 42. kolo: Prehra so Žilinou môže Inter ešte mrzieť

Bibliographic Details
Format: Article
Language:Slovak
PhysicalDescription:Fotogr.
ISSN:0139-7001
Subjects:

MARC

LEADER 00000nab a2200000 ar4500
001 vtls010080117
003 SK-MaSNL
005 20260303050540.0
008 100326c20100318xo dr|||||||||000 b|slo
015 |a SNBRBL2010/03  |2 snkbucl 
038 |a SNKBUCL 
040 |a SNKBUCL  |b slo  |c SNKBUCL  |e AACR2 
041 0 |a slo 
044 |a xo  |c SK 
080 |a 796.323.2.093.1  |2 1997 
245 0 0 |a Predposledný Svit deklasoval majstra!  |b extraliga basketbalistov - 42. kolo: Prehra so Žilinou môže Inter ešte mrzieť 
300 |b Fotogr. 
648 7 |a sezóna 2009/2010  |2 snkbucl  |9 1034617 
650 0 7 |a basketbal  |2 snkbucl  |9 3290 
650 0 7 |a muži  |2 snkbucl  |9 4888 
650 0 7 |a extraliga  |2 snkbucl  |9 18992 
650 0 7 |a 42. kolo  |2 snkbucl  |9 1032142 
773 0 |t Šport  |g Roč. 64, č. 64 (18.3.2010), s. 32  |x 0139-7001 
852 |a SNK  |b KIS3GCP 
999 |c 1707921  |d 1709851